Fall-Eminem lyrics part 1 - Statistics

General Stats
  • This quiz has been taken 96 times
  • The average score is 229 of 490
Answer Stats
Lyric % Correct
I
97%
the
93%
The
93%
a
92%
to
90%
To
90%
go
84%
no
79%
it
77%
it.
77%
it,
77%
my
75%
My
75%
Got
74%
got
74%
I'm
72%
i'm
72%
me
72%
me.
72%
you
72%
You
72%
you.
72%
In
70%
in
70%
on
70%
time
70%
And
69%
and
69%
don't
69%
Dr
66%
it's
66%
it;s
66%
It's
66%
just
66%
Just
66%
know
66%
so
66%
So
66%
was
66%
what
66%
when
66%
When
66%
again,
64%
clock
64%
Dre.
64%
Dre
64%
not
64%
Not
64%
that
62%
that.
62%
against
61%
face.
61%
f#ck
61%
race.
61%
be
59%
for
59%
he
59%
Ho
59%
your
59%
fall
57%
from
57%
tell
57%
They
57%
they
57%
waste,
57%
Gotta
56%
late,
56%
late
56%
all
54%
concentrate
54%
Went
54%
already
52%
chronic
52%
Have
52%
have
52%
is
52%
pace.
52%
say.
52%
Say
52%
this
52%
This
52%
away.
51%
case.
51%
far
51%
get
51%
Get
51%
like
51%
Like
51%
much
49%
radar,
49%
smoke,
49%
take
49%
then
49%
as
48%
f#ckin
48%
guess
48%
workaholic,
48%
ain't
46%
can
46%
first
46%
at
44%
b#tch.
44%
how
44%
long
44%
parted
44%
party
44%
Paul
44%
ways.
44%
word
44%
are
43%
call
43%
Call
43%
days.
43%
hit
43%
If
43%
if
43%
last
43%
One
43%
god
41%
less
41%
momma's
41%
pretty
41%
response
41%
Shady?
41%
takes.
41%
walk
41%
Walk
41%
won't
41%
addict
39%
Afraid.
39%
Drake.
39%
had
39%
marijuana
39%
Migos
39%
swear
39%
Water
39%
copy
38%
gate.
38%
made
38%
minute
38%
mockin'.
38%
Next
38%
rappers
38%
tape
38%
These
38%
forgot
36%
guy
36%
hate,
36%
Hunger Games.
36%
I've
36%
or
36%
Or
36%
their
36%
though
34%
But
33%
I'll
33%
of
33%
style
33%
turn
33%
around
31%
Some
31%
some
31%
wanted
31%
before
30%
him!
30%
sh#t
30%
sh#t.
30%
better
28%
better.
28%
body
28%
Every
28%
Maybe
28%
back
26%
he's
26%
tolerate.
26%
his
25%
motherf#ckers
25%
once.
25%
up!
25%
why
25%
bag
23%
bitches.
23%
Budden
23%
done
23%
lost
23%
sick
23%
Somebody
23%
thing
23%
tired
23%
patience.
21%
Tyler
21%
waitin',
21%
zipped.
21%
doctor
20%
give
20%
lack
20%
make
20%
never
20%
smackin'
20%
with
20%
brain,
18%
create
18%
Even
18%
head
18%
here
18%
nothin',
18%
said:
18%
snap,
18%
than
18%
You'd
18%
you'll
18%
you're
18%
Charlamagne.
16%
closest
16%
em,
16%
em
16%
fasten
16%
see
16%
spittin'
16%
yourself
16%
Akademiks.
15%
gettin'
15%
gonna
15%
hits
15%
more
15%
sack
15%
there,
15%
trash
15%
balls,
13%
catch
13%
cause
13%
Grammys
13%
listen.
13%
religious.
13%
remember,
13%
show,
13%
show.
13%
slippin'
13%
telly.
13%
thot.
13%
twisted.
13%
after
11%
D12's
11%
forever.
11%
good
11%
Hold
11%
Lackin'
11%
name
11%
sorry
11%
thought
11%
took
11%
worship
11%
artists
10%
Earl
10%
least
10%
leeches.
10%
ordered.
10%
shot
10%
stole
10%
suck
10%
ahead.
8%
attention.
8%
because
8%
called
8%
critique
8%
host.
8%
Sweater.
8%
trap
8%
attack
7%
biggest
7%
hooded
7%
needs
7%
parasite
7%
put
7%
two
7%
Whatever
7%
words,
7%
competition.
5%
feature.
5%
help
5%
Jack
5%
MC
5%
moment
5%
nominate
5%
Ripper,
5%
setup.
5%
themselves.
5%
together.
5%
total
5%
ammunition,
3%
best
3%
fans
3%
Hopin'
3%
letters.
3%
medicine.
3%
over
3%
Stackin'
3%
vicious,
3%
waited
3%
buisness.
2%
clip
2%
slap
2%
bloods
0%
blowin's
0%
cock
0%
marothoner's
0%
Revenge
0%
No matching quizzes found
Score Distribution
Percent of People with Each Score
Percentile by Number Answered
Your Score History
You have not taken this quiz